[Event "Olympiad URS"]
[Site "masterchessopen.com - Moscow (Russia)"]
[Round "0"]
[White "Korchnoi Viktor (SUI)"]
[Black "Aronin Lev S (RUS)"]
[Result "1-0"]
[WhiteElo "2556"]
[BlackElo "2420"]

1.c4 e5 2.Nc3 Nc6 3.Nf3 f5 4.d4 e4 5.Nd2 Nf6 6.e3 g6 7.a3 Bg7 8.b4 O-O 9.g3 d5
10.Nb3 Ne7 11.Bd2 b6 12.c5 g5 13.h4 h6 14.hxg5 hxg5 15.f4 exf3 16.Qxf3 Be6
17.Be2 a5 18.cxb6 cxb6 19.bxa5 bxa5 20.Nc5 Bf7 21.Qg2 Nc8 22.g4 fxg4 23.Bxg4
Nxg4 24.Qxg4 Re8 25.O-O-O Nb6 26.Rdg1 Kf8 27.Rf1 Qe7 28.Rf5 Ra7 29.Rff1 Qd8
30.Qh5 Qe7 31.Qg6 Rb8 32.Rxf7+ {#r} 1-0

[Event "Memorial L.Asztalos"]
[Site "masterchessopen.com - Miskolc (Hungary)"]
[Round "3"]
[White "Bronstein David I (RUS)"]
[Black "Dely Peter (HUN)"]
[Result "1-0"]
[WhiteElo "2432"]
[BlackElo "2391"]

1.c4 e5 2.Nc3 Nc6 3.Nf3 f5 4.d4 e4 5.Bg5 Be7 6.Bxe7 Qxe7 7.Nd5 Qe6 8.Nd2 Nge7
9.Nxe7 Nxe7 10.e3 O-O 11.g4 c5 12.Nb3 cxd4 13.c5 Qg6 14.Qxd4 Qxg4 15.Be2 Qg6
16.O-O-O b6 17.f4 exf3 18.Bxf3 bxc5 19.Nxc5 Nc6 20.Qf4 Qe8 21.Kb1 Qe7 22.Qd6
Qxd6 23.Rxd6 Rb8 24.Nxd7 Bxd7 25.Rxd7 Ne5 26.Bd5+ Kh8 27.Rxa7 Rfd8 28.Rb7 Rxb7
29.Bxb7 Nc4 30.Rc1 Nxe3 31.a4 g5 32.a5 {#r} 1-0

[Event "Ch Czechoslovakia"]
[Site "masterchessopen.com - Luhacovice (Czech Republic)"]
[Round "18"]
[White "Kavalek Lubomir (USA)"]
[Black "Blatny Frantisek (CZE)"]
[Result "1-0"]
[WhiteElo "2527"]
[BlackElo "2112"]

1.c4 e5 2.Nc3 Nc6 3.Nf3 f5 4.d4 e4 5.Bg5 Be7 6.Bxe7 Ncxe7 7.Nd2 Nf6 8.e3 d6
9.f3 exf3 10.Qxf3 c6 11.Bd3 d5 12.cxd5 cxd5 13.O-O O-O 14.Qg3 Bd7 15.Nf3 Rc8
16.Rac1 Ne4 17.Qe1 Qa5 18.Ne5 Be6 19.Nb5 Qb6 20.Rxc8 Rxc8 21.Qh4 Nc6 22.Nxc6
bxc6 23.Bxe4 dxe4 24.Nd6 Qd8 25.Qg3 Rc7 26.b3 c5 27.Qe5 Qf6 28.Qxf6 gxf6
29.Rc1 Kf8 30.dxc5 Ke7 {#r} 1-0

[Event "?"]
[Site "masterchessopen.com - BRD"]
[Round "0"]
[White "Eising Johannes (GER)"]
[Black "Christoph Manfred Dr (GER)"]
[Result "0-1"]
[WhiteElo "2283"]
[BlackElo "2300"]

1.c4 e5 2.Nc3 Nc6 3.Nf3 f5 4.d4 e4 5.Ng5 Be7 6.Nh3 Bf6 7.e3 Nce7 8.g4 fxg4
9.Nf4 Nh6 10.h3 d6 11.Nxe4 O-O 12.Bd2 Ng6 13.Nxg6 hxg6 14.Qe2 Bh4 15.O-O-O Qe7
16.Ng3 Bxg3 17.fxg3 Bf5 18.Bg2 gxh3 19.Bf3 Be4 20.Bxe4 Qxe4 21.Rxh3 Rae8
22.Rh4 Qf3 23.Qh2 Nf5 24.Rh8+ Kf7 25.Rxf8+ Kxf8 26.b3 Nxg3 27.Re1 Kg8 28.Kb2
Nf1 {#R} 0-1

[Event "Ch Sweden"]
[Site "masterchessopen.com - Sweden"]
[Round "0"]
[White "Wahlbom Magnus (SWE)"]
[Black "Lekander Rolf (SWE)"]
[Result "1-0"]
[WhiteElo "2288"]
[BlackElo "2244"]

1.c4 e5 2.Nc3 Nc6 3.Nf3 f5 4.d4 e4 5.Nd2 Nf6 6.e3 Be7 7.f3 O-O 8.f4 Bb4 9.Be2
Ne7 10.O-O d6 11.Qc2 Be6 12.d5 Bf7 13.a3 Bxc3 14.Qxc3 Qe8 15.Nb3 Bh5 16.Bxh5
Qxh5 17.Nd4 Ng4 18.h3 Rf6 19.hxg4 fxg4 20.Kf2 Qh2 21.Qc2 Ng6 22.Qxe4 Nh4
23.Bd2 g3+ 24.Ke2 Nxg2 25.Kd3 Nxf4+ 26.exf4 g2 27.Rg1 Rg6 28.Kc2 Rf8 29.f5
{#r} 1-0

[Event "It"]
[Site "masterchessopen.com - Hospitalet de Llobregat (Spain)"]
[Date "1973.10.22"]
[Round "2"]
[White "Lengyel Levente (HUN)"]
[Black "Collado Galarza Josep (ESP)"]
[Result "1-0"]
[WhiteElo "2450"]
[BlackElo "1947"]

1.c4 e5 2.Nc3 Nc6 3.Nf3 f5 4.d4 e4 5.Nd2 g6 6.e3 Nf6 7.Be2 Bg7 8.Rb1 a5 9.a3
Qe7 10.Nd5 Nxd5 11.cxd5 Nd8 12.Qc2 d6 13.b4 axb4 14.axb4 O-O 15.O-O c6 16.Nc4
Qc7 17.Na5 Bd7 18.Bd2 Rc8 19.Rfc1 Qb8 20.Qb3 Kh8 21.dxc6 Nxc6 22.d5 Ne7 23.b5
Rxc1+ 24.Rxc1 Rc8 25.Rd1 Be5 26.Nc4 g5 27.Nxe5 dxe5 28.d6 Qxd6 29.Bb4 Be6
30.Qa3 {#r} 1-0

[Event "It"]
[Site "masterchessopen.com - Leipzig (Germany)"]
[Round "5"]
[White "Uhlmann Wolfgang (GER)"]
[Black "Bernard Ryszard (POL)"]
[Result "1-0"]
[WhiteElo "2550"]
[BlackElo "2339"]

1.c4 e5 2.Nc3 Nc6 3.Nf3 f5 4.d4 e4 5.Ng5 Nf6 6.e3 d6 7.Be2 Be7 8.Nh3 O-O 9.O-O
Re8 10.f3 exf3 11.Bxf3 Bf8 12.Bd2 Ne7 13.e4 c6 14.Bg5 Qa5 15.Bxf6 gxf6 16.Bh5
Rd8 17.Qe2 Bg7 18.d5 Rf8 19.Nf4 fxe4 20.Qxe4 Qc7 21.Rae1 Ng6 22.Bxg6 hxg6
23.Nxg6 Rf7 24.Qe8+ Kh7 25.Ne7 {#r} 1-0

[Event "It"]
[Site "masterchessopen.com - Leipzig (Germany)"]
[Round "0"]
[White "Malich Burkhard Dr (GER)"]
[Black "Tseshkovsky Vitaly (RUS)"]
[Result "0-1"]
[WhiteElo "2520"]
[BlackElo "2555"]

1.c4 e5 2.Nc3 Nc6 3.Nf3 f5 4.d4 e4 5.Ng5 Nf6 6.Nh3 g6 7.e3 Bg7 8.a3 d6 9.b4
Ne7 10.Qb3 O-O 11.Bb2 h6 12.O-O-O c6 13.f3 g5 14.f4 Ng6 15.Ne2 Ng4 16.Rd2 a5
17.g3 a4 18.Qc3 Be6 19.Rc2 b5 20.Neg1 c5 21.Qd2 cxb4 22.d5 Bxb2+ 23.Rxb2 bxa3
24.Rxb5 Bd7 25.Rb1 Rb8 26.Ne2 Rxb1+ 27.Kxb1 Qb6+ 28.Ka1 Nxe3 29.Nc3 Qb3 {#R}
0-1

[Event "It (cat.7)"]
[Site "masterchessopen.com - Sao Paulo (Brazil)"]
[Round "3"]
[White "Miles Anthony J (ENG)"]
[Black "Chavez Romelio (BOL)"]
[Result "0-1"]
[WhiteElo "2555"]
[BlackElo "2204"]

1.c4 e5 2.Nc3 Nc6 3.Nf3 f5 4.d4 e4 5.Nd2 Nf6 6.e3 g6 7.Be2 Bg7 8.Rb1 a5 9.a3
O-O 10.b4 axb4 11.axb4 Ne7 12.Qb3 d6 13.b5 Kh8 14.Ba3 f4 15.Ncxe4 fxe3 16.fxe3
Nxe4 17.Nxe4 Bf5 18.Bd3 Nd5 19.O-O Nxe3 20.Rf3 Qh4 21.g3 Qg4 22.Rxe3 Rxa3
23.Qxa3 Bxd4 24.Kg2 Qh3+ 25.Kh1 Bxe4+ {#R} 0-1

[Event "Ch DDR"]
[Site "masterchessopen.com - DDR"]
[Round "0"]
[White "Uhlmann Wolfgang (GER)"]
[Black "Brueggemann Joachim (GER)"]
[Result "1-0"]
[WhiteElo "2379"]
[BlackElo "2339"]

1.c4 e5 2.Nc3 Nc6 3.Nf3 f5 4.d4 e4 5.Ng5 Bb4 6.Nh3 Nf6 7.e3 Qe7 8.Bd2 Nd8 9.c5
c6 10.Nxe4 fxe4 11.Bxb4 Nf7 12.Nf4 O-O 13.d5 b6 14.Rc1 g5 15.d6 Qe5 16.Bc3 Qf5
17.Qd4 Nxd6 18.Qxd6 gxf4 19.Bc4+ Nd5 20.exf4 bxc5 21.Be5 Bb7 22.Rc3 Kf7 23.Rb3
{#r} 1-0

[Event "Olympiad"]
[Site "masterchessopen.com - Malta"]
[Round "14"]
[White "Tarjan James E (USA)"]
[Black "Speelman Jonathan S (ENG)"]
[Result "1-0"]
[WhiteElo "2525"]
[BlackElo "2490"]

1.c4 e5 2.Nc3 Nc6 3.Nf3 f5 4.d4 e4 5.Bg5 Be7 6.Bxe7 Qxe7 7.Ng1 e3 8.f4 Nf6
9.Nf3 O-O 10.g3 Qb4 11.Qb3 b6 12.Bg2 Qxb3 13.axb3 Bb7 14.O-O Na5 15.Ra3 Ne4
16.Rc1 Rfe8 17.d5 c6 18.dxc6 dxc6 19.Nxe4 fxe4 20.Ne5 c5 21.b4 cxb4 22.Rxe3
Rad8 23.Bxe4 Bxe4 24.Rxe4 Nb3 25.Re1 Rd2 26.Rb1 a5 27.Re3 Nc5 28.b3 g5 29.Kf2
Rf8 30.Kf3 gxf4 31.gxf4 Rd4 32.Rg1+ {#r} 1-0

[Event "?"]
[Site "masterchessopen.com - Brazil"]
[Round "0"]
[White "Lucena Lincoln (BRA)"]
[Black "Ljubojevic Ljubomir (SRB)"]
[Result "0-1"]
[WhiteElo "2295"]
[BlackElo "2590"]

1.c4 e5 2.Nc3 Nc6 3.Nf3 f5 4.d4 e4 5.Ng5 Bb4 6.h4 h6 7.Nh3 Qxh4 8.e3 Nf6 9.Be2
Ng4 10.g3 Bxc3+ 11.bxc3 Qh5 12.Ba3 d6 13.Qb3 Qf7 14.Nf4 b6 15.Qc2 O-O 16.Rb1
Ba6 17.Qa4 Na5 18.Bb4 Bxc4 19.Bxa5 Bxe2 20.Kxe2 bxa5 21.Qb3 Rab8 22.Qe6 g5
23.Qxf7+ Kxf7 24.Ng2 Rb6 25.f3 exf3+ 26.Kxf3 Kg6 27.Rxb6 axb6 28.a4 Nf6 29.c4
Ne4 {#R} 0-1

[Event "It (open)"]
[Site "masterchessopen.com - Moron (Argentina)"]
[Round "0"]
[White "Ljubojevic Ljubomir (SRB)"]
[Black "Pina Gonzalez Jose Antonio (MEX)"]
[Result "1-0"]
[WhiteElo "2590"]
[BlackElo "2177"]

1.c4 e5 2.Nc3 Nc6 3.Nf3 f5 4.d4 e4 5.Ng5 Be7 6.Nh3 Nf6 7.Bg5 O-O 8.e3 d6 9.Be2
Qe8 10.Nf4 a5 11.O-O b6 12.Qd2 Bd7 13.Rae1 Bd8 14.Qc2 Nb4 15.Qb1 c6 16.a3 Na6
17.f3 exf3 18.Bxf3 Ne4 19.Nxe4 fxe4 20.Bxe4 g6 21.Bh6 Bf5 22.Bd3 Rf7 23.e4 Bd7
24.e5 dxe5 25.Nxg6 hxg6 26.Bxg6 {#r} 1-0

[Event "It (open)"]
[Site "masterchessopen.com - Caorle (Italy)"]
[Round "3"]
[White "Sulava Nenad (CRO)"]
[Black "Vujovic Milorad (SRB)"]
[Result "0-1"]
[WhiteElo "2320"]
[BlackElo "2277"]

1.c4 e5 2.Nc3 Nc6 3.Nf3 f5 4.d4 e4 5.Bg5 Be7 6.Bxe7 Ngxe7 7.Nd2 Nxd4 8.Ndxe4
Nec6 9.Nc5 O-O 10.e3 Re8 11.g3 f4 12.Bd3 fxe3 13.O-O e2 14.Nxe2 Nf3+ 15.Kg2 d6
16.Kxf3 Bh3 17.Ne4 Ne5+ 18.Ke3 Bxf1 19.Qxf1 c6 20.Qd1 d5 21.N4c3 Qb6+ 22.c5
Qxc5+ 23.Nd4 Ng6+ 24.Kf3 Qxd4 25.Kg2 Rf8 26.f3 Rae8 27.Kh1 Qe3 {#R} 0-1

[Event "Olympiad"]
[Site "masterchessopen.com - Salonika (Greece)"]
[Round "11"]
[White "Canela Teresa (ESP)"]
[Black "Petraki Maria (GRE)"]
[Result "1-0"]
[WhiteElo "2145"]
[BlackElo "2034"]

1.c4 e5 2.Nc3 Nc6 3.Nf3 f5 4.d3 Nf6 5.g3 Bb4 6.Bg2 O-O 7.O-O Bxc3 8.bxc3 d6
9.Rb1 Rb8 10.Ng5 Bd7 11.c5 d5 12.e4 fxe4 13.dxe4 h6 14.exd5 Bf5 15.Rb2 Na5
16.Qa4 hxg5 17.Qxa5 e4 18.c4 Nd7 19.Re2 Re8 20.Bb2 Qe7 21.d6 cxd6 22.cxd6 Qf7
23.Rfe1 b6 24.Qc3 Nc5 25.f3 Na4 26.Qd4 Nxb2 27.Qxb2 exf3 28.Bxf3 Be6 29.Rxe6
Rxe6 30.Rxe6 Qxf3 31.Re7 Rf8 32.Qxg7# 1-0

[Event "Ch Poland"]
[Site "masterchessopen.com - Bytom (Poland)"]
[Round "6"]
[White "Czerwonski Aleksander (POL)"]
[Black "Dejkalo Stefan (POL)"]
[Result "0-1"]
[WhiteElo "2377"]
[BlackElo "2450"]

1.c4 e5 2.Nc3 Nc6 3.Nf3 f5 4.d3 Nf6 5.g3 Bb4 6.Bg2 O-O 7.O-O Bxc3 8.bxc3 d6
9.Ne1 Qe8 10.Rb1 Qh5 11.c5 d5 12.Qb3 Ne7 13.e4 fxe4 14.dxe4 c6 15.f3 Rb8
16.Nd3 Ng6 17.g4 Qh4 18.h3 Kh8 19.Be3 dxe4 20.fxe4 Bxg4 21.Bf2 Qh6 22.Rbe1
Bxh3 23.Be3 Qh4 24.Bf2 Qg4 {#R} 0-1

[Event "Ch Brazil"]
[Site "masterchessopen.com - Garanhuns (Brazil)"]
[Round "1"]
[White "Correa Aron A (BRA)"]
[Black "Milos Gilberto (BRA)"]
[Result "0-1"]
[WhiteElo "2380"]
[BlackElo "2465"]

1.c4 e5 2.Nc3 Nc6 3.Nf3 f5 4.d4 e4 5.Ng5 Bb4 6.Nh3 Qf6 7.e3 Bxc3+ 8.bxc3 Qf7
9.c5 Nf6 10.Qa4 d6 11.cxd6 cxd6 12.Ba3 Qc7 13.Rb1 O-O 14.Be2 Kh8 15.O-O Bd7
16.Qb3 Na5 17.Qb2 b5 18.Bxb5 Rfb8 19.Qe2 Bxb5 20.Rxb5 Qc4 21.Rxb8+ Rxb8 22.Qc2
Rb6 23.Rc1 Qd3 24.c4 Qxa3 {#R} 0-1

[Event "Ch World (juniors) (under 20)"]
[Site "masterchessopen.com - Gausdal (Norway)"]
[Round "4"]
[White "Puri Vinny (CAN)"]
[Black "McMahon Eric (IRL)"]
[Result "0-1"]
[WhiteElo "2330"]
[BlackElo "2205"]

1.c4 e5 2.Nc3 Nc6 3.Nf3 f5 4.d4 e4 5.Bg5 Be7 6.Bxe7 Ncxe7 7.Nd2 Nf6 8.e3 c6
9.c5 d5 10.cxd6 Qxd6 11.Nc4 Qc7 12.f4 Be6 13.Ne5 Ned5 14.Nxd5 Bxd5 15.Be2 Qa5+
16.Kf2 O-O 17.h3 Qd8 18.g4 Ne8 19.h4 Nd6 20.Qg1 Rc8 21.gxf5 Nxf5 22.Bg4 c5
23.Bxf5 Rxf5 24.Qd1 Qb6 25.Qc2 Qe6 26.Rhc1 Rff8 27.Qa4 Qh3 28.Qd7 Be6 29.Rh1
Bxd7 {#R} 0-1

[Event "?"]
[Site "masterchessopen.com - Switzerland"]
[Round "0"]
[White "Klauser Markus (SUI)"]
[Black "Gottardi Gottardo (SUI)"]
[Result "0-1"]
[WhiteElo "2371"]
[BlackElo "2305"]

1.c4 e5 2.Nc3 Nc6 3.Nf3 f5 4.d4 e4 5.Ng5 Nf6 6.h4 b6 7.Bf4 Bb4 8.e3 Qe7 9.Qa4
Bb7 10.d5 h6 11.Ne6 dxe6 12.dxc6 Bc8 13.Be5 Ng4 14.Bg3 e5 15.Be2 f4 16.exf4
exf4 17.Bxg4 Bxg4 18.Bxf4 Bxc3+ 19.bxc3 Qf6 20.Bd2 e3 {#R} 0-1

[Event "Ch Albacete"]
[Site "masterchessopen.com - Albacete (Spain)"]
[Round "0"]
[White "Simon Jean-Marc (FRA)"]
[Black "Gomez Felix (CUB)"]
[Result "0-1"]
[WhiteElo "1776"]
[BlackElo "2400"]

1.c4 e5 2.Nc3 Nc6 3.Nf3 f5 4.d3 Nf6 5.Bg5 Bb4 6.a3 Bxc3+ 7.bxc3 O-O 8.g3 h6
9.Bd2 e4 10.Nd4 exd3 11.e3 Ne5 12.Nxf5 d5 13.Nxh6+ gxh6 14.f4 Bg4 15.Qc1 Nf3+
{#R} 0-1

[Event "It (open)"]
[Site "masterchessopen.com - Aosta (Italy)"]
[Round "0"]
[White "Laco Giuseppe (ITA)"]
[Black "Caposciutti Maurizio (ITA)"]
[Result "1-0"]
[WhiteElo "2116"]
[BlackElo "2316"]

1.c4 e5 2.Nc3 Nc6 3.Nf3 f5 4.e4 Nf6 5.exf5 Bc5 6.Bd3 d6 7.Ne4 Nxe4 8.Bxe4 O-O
9.g4 Nd4 10.d3 c6 11.Nxd4 Bxd4 12.O-O Kh8 13.Qe2 d5 14.cxd5 cxd5 15.Bg2 b6
16.Be3 Bxe3 17.Qxe3 Qd6 18.Rfe1 Re8 19.Qg3 {#r} 1-0

[Event "Bundesliga 1987/88 (2nd)"]
[Site "masterchessopen.com - Germany"]
[Round "0"]
[White "Derikum Axel (GER)"]
[Black "Cording Harm (GER)"]
[Result "1-0"]
[WhiteElo "2290"]
[BlackElo "2258"]

1.c4 e5 2.Nc3 Nc6 3.Nf3 f5 4.e3 Nf6 5.a3 g6 6.d4 e4 7.Nd2 Bg7 8.Be2 O-O 9.O-O
d6 10.b4 Kh8 11.b5 Ne7 12.f3 exf3 13.Nxf3 h6 14.Kh1 g5 15.Qc2 Qe8 16.Bd2 Bd7
17.Bd3 Qh5 18.Ne2 Qg6 19.Ng3 Nh5 20.Nxh5 Qxh5 21.Rae1 f4 22.exf4 Nf5 23.Bxf5
Bxf5 24.Qb3 g4 25.Ng1 Rae8 26.Ne2 Qg6 27.Ng3 Bd3 28.Rxe8 {#r} 1-0

[Event "Ch Austria"]
[Site "masterchessopen.com - Semriach (Austria)"]
[Round "12"]
[White "Brestian Egon (AUT)"]
[Black "Petschar Kurt (AUT)"]
[Result "1-0"]
[WhiteElo "2389"]
[BlackElo "2312"]

1.c4 e5 2.Nc3 Nc6 3.Nf3 f5 4.e3 g6 5.d4 e4 6.Nd2 Bg7 7.f3 exf3 8.Nxf3 d6 9.Bd3
Nf6 10.O-O O-O 11.Bd2 Kh8 12.a3 d5 13.cxd5 Ne7 14.Qb3 Nexd5 15.Rae1 Be6
16.Qxb7 Rb8 17.Qxa7 Rxb2 18.Na4 Rb8 19.Nc5 Bg8 20.a4 Qd6 21.Ne5 f4 22.Nc4 Qd8
23.exf4 Nb4 24.Ne5 Qxd4+ 25.Be3 Qd8 26.Rd1 Nfd5 27.Bc4 Qe7 28.Ncd7 Rbe8
29.Nxf8 Bxf8 30.Bxd5 Nxd5 31.Rxd5 Bxd5 32.Qd4 {#r} 1-0

[Event "Badische ch (juniors) (under 20)"]
[Site "masterchessopen.com - Heidelberg (Germany)"]
[Round "3"]
[White "Hirt Stefan (GER)"]
[Black "Jacob Volker (GER)"]
[Result "0-1"]
[WhiteElo "2141"]
[BlackElo "2246"]

1.c4 e5 2.Nc3 Nc6 3.Nf3 f5 4.d4 e4 5.Ng5 h6 6.Nh3 g5 7.e3 Nf6 8.Be2 Qe7 9.Nb5
Kd8 10.d5 Ne5 11.d6 cxd6 12.Qa4 Nc6 13.Bd2 b6 14.Rd1 Ne8 15.Bc3 Rg8 16.Qb3 Qe6
17.a4 Ba6 18.a5 Bxb5 19.Qxb5 Nc7 20.Qa4 bxa5 21.Bxa5 Bg7 22.c5 d5 23.b4 Nxa5
24.Qxa5 f4 25.exf4 Bc3+ 26.Kf1 g4 27.Ng1 d4 28.Qa3 Nd5 29.Qc1 d3 30.Bxd3 exd3
31.Rxd3 Qa6 {#R} 0-1

[Event "Cup Yugoslavia (qual)"]
[Site "masterchessopen.com - Arandjelovac (Yugoslavia)"]
[Round "1"]
[White "Dmitrovic Tomislav (SRB)"]
[Black "Raicevic Momcilo (MNE)"]
[Result "0-1"]
[WhiteElo "2295"]
[BlackElo "2379"]

1.c4 e5 2.Nc3 Nc6 3.Nf3 f5 4.d3 Nf6 5.g3 Bc5 6.Bg2 O-O 7.O-O a5 8.a3 d6 9.Rb1
h6 10.Nd5 Nxd5 11.cxd5 Ne7 12.d4 exd4 13.Nxd4 Ng6 14.b4 axb4 15.axb4 Bb6
16.Bb2 f4 17.Qb3 Bxd4 18.Bxd4 Qe7 19.Rfc1 Bg4 20.Rb2 Rac8 21.Ra1 Ne5 22.f3 Bd7
23.Ra7 Qg5 24.e3 fxg3 25.f4 gxh2+ 26.Kh1 Qg3 27.Bxe5 dxe5 28.Rxb7 exf4 29.d6+
Kh8 30.exf4 Qe1+ 31.Kxh2 Rxf4 {#R} 0-1

[Event "Ch World (seniors)"]
[Site "masterchessopen.com - Bad Woerishofen (Germany)"]
[Round "8"]
[White "Weibrecht Carl"]
[Black "Penndorf Dieter (GER)"]
[Result "0-1"]
[WhiteElo "1640"]
[BlackElo "1980"]

1.c4 e5 2.Nc3 Nc6 3.Nf3 f5 4.d3 Nf6 5.e3 g6 6.Be2 d6 7.Bd2 Bg7 8.Rc1 O-O 9.O-O
Kh8 10.h3 Ne7 11.Nh2 c6 12.f3 d5 13.cxd5 Nexd5 14.Kh1 Nh5 15.Qe1 f4 16.exf4
exf4 17.Nxd5 Ng3+ 18.Kg1 Qxd5 19.Rf2 Bd4 20.Bc3 Bf5 21.Bxd4+ Qxd4 22.Qc3 Nxe2+
{#R} 0-1

[Event "It (open)"]
[Site "masterchessopen.com - Budapest (Hungary)"]
[Round "0"]
[White "Crapis Frederic (FRA)"]
[Black "Verrascina Roberto (ITA)"]
[Result "0-1"]
[WhiteElo "1945"]
[BlackElo "2235"]

1.c4 e5 2.Nc3 Nc6 3.Nf3 f5 4.d3 Nf6 5.g3 Bc5 6.Bg2 d6 7.O-O e4 8.dxe4 fxe4
9.Ng5 e3 10.fxe3 Qe7 11.Nge4 Be6 12.Nxc5 dxc5 13.Bxc6+ bxc6 14.b3 O-O 15.Qc2
Bh3 16.Rf4 g5 17.Rf3 Rae8 18.Bd2 Ng4 19.Qe4 Qxe4 20.Rxf8+ Kxf8 21.Nxe4 Rxe4
22.Rc1 Re7 23.b4 Rf7 24.e4 h6 25.b5 Rf2 26.Be3 Rg2+ {#R} 0-1

[Event "Ch Pfalz"]
[Site "masterchessopen.com - Pfalz (Germany)"]
[Round "0"]
[White "Teuber Andreas (GER)"]
[Black "Reth I"]
[Result "1-0"]
[WhiteElo "2190"]
[BlackElo "1910"]

1.c4 e5 2.Nc3 Nc6 3.Nf3 f5 4.d4 e4 5.Nd2 Nf6 6.e3 Be7 7.a3 a5 8.f3 exf3 9.Nxf3
Ng4 10.Bd3 O-O 11.O-O d6 12.Bd2 Kh8 13.Rb1 Be6 14.b4 axb4 15.axb4 d5 16.c5 Bf6
17.Qc2 f4 18.b5 fxe3 19.bxc6 exd2 20.cxb7 Rb8 21.Qxd2 c6 22.h3 Nh6 23.Qc2 g6
24.Rfe1 Qd7 25.Ne5 Bxe5 26.Rxe5 Bxh3 27.Qe2 Bf5 28.Re7 {#r} 1-0

[Event "It (open)"]
[Site "masterchessopen.com - St. Ingbert (Germany)"]
[Round "4"]
[White "Haba Petr (CZE)"]
[Black "Biehler Thomas (GER)"]
[Result "1-0"]
[WhiteElo "2465"]
[BlackElo "2254"]

1.c4 e5 2.Nc3 Nc6 3.Nf3 f5 4.d4 e4 5.Nd2 Nf6 6.e3 Bb4 7.Qb3 O-O 8.d5 Bxc3
9.Qxc3 Ne7 10.b3 d6 11.Bb2 Ng6 12.Be2 Qe7 13.O-O-O Ne5 14.h3 b5 15.f4 exf3
16.gxf3 bxc4 17.bxc4 Ned7 18.Bd3 Nc5 19.Bc2 Bd7 20.Rde1 Rae8 21.e4 Ba4 22.e5
Nfd7 23.f4 Bxc2 24.Qxc2 Qh4 25.e6 Nf6 26.Reg1 Qxf4 27.Rf1 Qe3 28.Rf3 Qe2
29.Rg1 Nce4 30.Bxf6 Nxf6 31.Qxf5 c6 32.Qg5 {#r} 1-0

[Event "Ch Czechoslovakia (team) 1991/92"]
[Site "masterchessopen.com - Czechoslovakia"]
[Round "0"]
[White "Marek Jiri 62 (CZE)"]
[Black "Priehoda Vitezslav (CZE)"]
[Result "0-1"]
[WhiteElo "1861"]
[BlackElo "2420"]

1.c4 e5 2.Nc3 Nc6 3.Nf3 f5 4.d4 e4 5.Ng5 h6 6.Nh3 g5 7.e3 Nf6 8.Ng1 Ne7 9.h4
Ng6 10.hxg5 hxg5 11.Rxh8 Nxh8 12.Nh3 Nf7 13.Be2 c6 14.d5 Qc7 15.g3 d6 16.Bf1
Bh6 17.Ng1 Bd7 18.b3 Ne5 19.Qd2 O-O-O 20.Bb2 f4 21.gxf4 gxf4 22.dxc6 bxc6
23.Na4 fxe3 24.fxe3 c5 25.Bxe5 dxe5 26.Rd1 Bg5 27.Bh3 Bh4+ 28.Ke2 Rg8 29.Bxd7+
Nxd7 30.Qd5 Rg2+ 31.Kf1 Rf2+ 32.Ke1 Qa5+ {#R} 0-1

[Event "It (active)"]
[Site "masterchessopen.com - Oviedo (Spain)"]
[Round "0"]
[White "Christiansen Larry M (USA)"]
[Black "Conquest Stuart (ENG)"]
[Result "1-0"]
[WhiteElo "2625"]
[BlackElo "2485"]

1.c4 e5 2.Nc3 Nc6 3.Nf3 f5 4.d4 e4 5.Ne5 Nf6 6.Bf4 Be7 7.e3 d6 8.Nxc6 bxc6
9.Be2 O-O 10.O-O Rb8 11.Qc2 Qe8 12.c5 Nh5 13.cxd6 cxd6 14.Bg3 Nxg3 15.hxg3 Kh8
16.Rab1 Bd7 17.b4 Qf7 18.Qa4 Rb7 19.b5 Rc8 20.bxc6 Bxc6 21.Bb5 Bxb5 22.Rxb5
Rxb5 23.Nxb5 Bf8 24.Rb1 Rb8 25.Rb3 Qh5 26.Nc3 Rc8 27.Qa6 Ra8 28.Qc6 Qe8 29.Qd5
g6 30.g4 fxg4 31.Nxe4 Rc8 32.Nf6 {#r} 1-0

[Event "Ch Europe (juniors)"]
[Site "masterchessopen.com - Rimavska Sobota (Slovakia)"]
[Round "0"]
[White "Gratka Krzysztof (POL)"]
[Black "Strejc Josef (CZE)"]
[Result "1-0"]
[WhiteElo "2302"]
[BlackElo "2146"]

1.c4 e5 2.Nc3 Nc6 3.Nf3 f5 4.d4 d6 5.e4 fxe4 6.Nxe4 Bf5 7.Ng3 Bg6 8.Bd3 Bxd3
9.Qxd3 Qd7 10.Be3 Nf6 11.h3 exd4 12.Nxd4 O-O-O 13.a3 Ne5 14.Qb3 Re8 15.O-O d5
16.cxd5 Qxd5 17.Qc3 Qc4 18.Qa5 a6 19.Rac1 Qf7 20.Bf4 Bd6 21.Ngf5 Kb8 22.Nxd6
cxd6 23.Qb6 Qd7 24.Bxe5 Rc8 25.Bxd6+ Ka8 26.Bc5 Rxc5 27.Qxc5 {#r} 1-0

[Event "It (open)"]
[Site "masterchessopen.com - Sao Paulo (Brazil)"]
[Round "0"]
[White "Zampronha Wladimir Camilo (BRA)"]
[Black "Correa Aron A (BRA)"]
[Result "1-0"]
[WhiteElo "2197"]
[BlackElo "2380"]

1.c4 e5 2.Nc3 Nc6 3.Nf3 f5 4.d4 e4 5.d5 exf3 6.dxc6 bxc6 7.exf3 Nf6 8.Qa4 g6
9.Be2 Bg7 10.O-O O-O 11.Be3 Re8 12.Rad1 Qe7 13.Rfe1 Rb8 14.Rb1 Nh5 15.Bd2 Qc5
16.b4 Qd4 17.Rbd1 Qb6 18.Nb1 d6 19.c5 dxc5 20.Bc4+ Kf8 21.Rxe8+ Kxe8 22.bxc5
Qxc5 23.Re1+ Kf8 24.Be3 Qe7 25.Qxa7 Rxb1 26.Rxb1 Be5 27.Bc5 Bd6 28.Bxd6 cxd6
29.Qa8 Qe8 30.Ba6 {#r} 1-0

[Event "Tournament"]
[Site "masterchessopen.com - Spain"]
[Round "6"]
[White "Cueto J (BOL)"]
[Black "Corredor Pravia Marcelino V (ESP)"]
[Result "0-1"]
[WhiteElo "2301"]
[BlackElo "1948"]

1.c4 e5 2.Nc3 Nc6 3.Nf3 f5 4.e4 Nf6 5.exf5 d6 6.Bd3 Be7 7.O-O O-O 8.a3 a5
9.Ng5 Nd4 10.f4 c6 11.Ne2 Qb6 12.Kh1 Nxf5 13.fxe5 Ng4 14.Ne4 Nxe5 15.Qc2 Nd4
16.Rxf8+ Bxf8 17.Nxd4 Qxd4 18.Be2 Be7 19.d3 Bf5 20.Bd2 a4 21.Rf1 Bg6 22.Bc3
Qe3 23.Bd2 Qxe2 {#R} 0-1

[Event "Ch NRW (qual)"]
[Site "masterchessopen.com - Cologne (Germany)"]
[Round "0"]
[White "Schurr Bernhard"]
[Black "Gleske Michael"]
[Result "1-0"]
[WhiteElo "1875"]
[BlackElo "1905"]

1.c4 e5 2.Nc3 Nc6 3.Nf3 f5 4.h3 Nf6 5.g4 fxg4 6.hxg4 Nxg4 7.Qc2 Nh6 8.d4 Nxd4
9.Nxd4 exd4 10.Qe4+ Qe7 11.Qxd4 Nf5 12.Qf4 d6 13.Nd5 Qf7 14.Qe4+ Kd7 15.Bg5 c6
16.Bh3 cxd5 17.cxd5 Kc7 18.Rc1+ Kb8 19.Qc4 a6 20.Qxc8+ Ka7 21.Qxf5 Qxf5
22.Bxf5 Re8 23.Bd7 Rb8 24.Be3+ Ka8 25.Rc7 Be7 26.Bc6 Bf6 27.Kd2 h6 28.Rc1 Bg5
29.Bxg5 bxc6 30.R1xc6 Rxb2+ {#r} 1-0